Statystyki dla Dopasuj punkt orientacyjny do państwa #3

Kliknij tutaj aby rozwiązać quiz!

Ogólne statystyki

  • Ten quiz został rozwiązany 5 863 razy
  • Średni wynik to 6 z 20

Statystyki odpowiedzi

Punkt orientacyjnyKraj% Poprawnych
Times SquareStany Zjednoczone
97%
OlimpGrecja
90%
Zamek NeuschwansteinNiemcy
73%
Pałac SchönbrunnAustria
69%
Chichen ItzaMeksyk
37%
Meczet Imam AliIrak
35%
Wał HadrianaWielka Brytania
34%
Zamek w BlarneyIrlandia
28%
MatterhornSzwajcaria / Włochy
28%
Akwedukt w SegowiiHiszpania
21%
Wodospady WiktoriiZimbabwe / Zambia
21%
Pomnik OdkrywcówPortugalia
19%
Manneken PisBelgia
13%
Głowa CukruBrazylia
13%
Kopuła na SkaleIzrael / Palestyna
13%
Cytadela al-UdajaMaroko
12%
Zatoka MilfordaNowa Zelandia
12%
Pałac w MysuruIndie
11%
Błękitna Laguna (spa)Islandia
11%
Świątynia Srebrnego
Pawilonu
Japonia
10%

Rozkład punktacji

Percentyl według liczby udzielonych odpowiedzi

Procent ludzi z każdym wynikiem

Twoja historia wyników

Nie rozwiązałeś tego quizu